[Event "RUS-ch Blitz 2021"]
[Site "Sochi"]
[Date "2021.10.11"]
[Round "1.22"]
[White "Safin, Timur"]
[Black "Zakhartsov, Vladimir"]
[Result "0-1"]
[WhiteElo "2170"]
[BlackElo "2514"]
[Annotator "ChessBase"]
[PlyCount "94"]
[EventDate "2021.10.11"]
[EventType "blitz"]
[EventCountry "RUS"]
[SourceTitle "playchess.com"]
[Source "ChessBase"]
[SourceQuality "1"]
[TimeControl "180+2"]

1. d4 {[%emt 0:00:00]} Nf6 {[%emt 0:00:00]} 2. c4 {[%emt 0:00:00]} c5 {[%emt 0:
00:08]} 3. e3 {[%emt 0:00:03]} cxd4 {[%emt 0:00:02]} 4. exd4 {[%emt 0:00:11]}
d5 {[%emt 0:00:01]} 5. Nc3 {[%emt 0:00:00]} Nc6 {[%emt 0:00:00]} 6. Nf3 {
[%emt 0:00:04]} e6 {[%emt 0:00:14]} 7. Bg5 {[%emt 0:00:07]} Be7 {[%emt 0:00:05]
} 8. Bd3 {[%emt 0:00:06]} dxc4 {[%emt 0:00:04]} 9. Bxc4 {[%emt 0:00:00]} O-O {
[%emt 0:00:00]} 10. O-O {[%emt 0:00:05]} h6 {[%emt 0:00:00]} 11. Bh4 {[%emt 0:
00:00]} b6 {[%emt 0:00:06]} 12. Re1 {[%emt 0:00:34]} Bb7 {[%emt 0:00:05]} 13.
a3 {[%emt 0:00:08]} Rc8 {[%emt 0:00:00]} 14. Ba2 {[%emt 0:00:09]} Nd5 {[%emt 0:
00:12]} 15. Bg3 {[%emt 0:00:12]} Nxc3 {[%emt 0:00:26]} 16. bxc3 {[%emt 0:00:00]
} Bf6 {[%emt 0:00:11]} 17. Qd3 {[%emt 0:00:08]} g6 {[%emt 0:00:09]} 18. Bf4 {
[%emt 0:00:01]} Bg7 {[%emt 0:00:04]} 19. Rad1 {[%emt 0:00:06]} Qd7 {[%emt 0:00:
07]} 20. Qe3 {[%emt 0:00:04]} Kh7 {[%emt 0:00:00]} 21. d5 {[%emt 0:00:10]} exd5
{[%emt 0:00:24]} 22. Rxd5 {[%emt 0:00:00]} Qe6 {[%emt 0:00:05]} 23. Qd2 {
[%emt 0:00:39]} Qf6 {[%emt 0:00:01]} 24. Ne5 {[%emt 0:00:02]} Nxe5 {[%emt 0:01:
01]} 25. Bxe5 {[%emt 0:00:00]} Qc6 {[%emt 0:00:05]} 26. Bxg7 {[%emt 0:00:03]}
Kxg7 {[%emt 0:00:00]} 27. c4 {[%emt 0:00:08]} Rfe8 {[%emt 0:00:07]} 28. Rd1 {
[%emt 0:00:02]} Re7 {[%emt 0:00:02]} 29. Qd4+ {[%emt 0:00:08]} Qf6 {[%emt 0:00:
03]} 30. Qxf6+ {[%emt 0:00:07]} Kxf6 {[%emt 0:00:00]} 31. Rd6+ {[%emt 0:00:04]}
Kg7 {[%emt 0:00:00]} 32. f3 {[%emt 0:00:00]} Rcc7 {[%emt 0:00:06]} 33. Kf2 {
[%emt 0:00:00]} Bc8 {[%emt 0:00:01]} 34. a4 {[%emt 0:00:06]} Be6 {[%emt 0:00:
02]} 35. R1d4 {[%emt 0:00:03]} Rc5 {[%emt 0:00:02]} 36. Rd8 {[%emt 0:00:18]}
Rec7 {[%emt 0:00:00]} 37. Ra8 {[%emt 0:00:00]} Ra5 {[%emt 0:00:06]} 38. Bb3 {
[%emt 0:00:00]} Bd7 {[%emt 0:00:01]} 39. c5 {[%emt 0:00:09]} bxc5 {[%emt 0:00:
09]} 40. Rf4 {[%emt 0:00:02]} Be6 {[%emt 0:00:07]} 41. Bxe6 {[%emt 0:00:02]}
fxe6 {[%emt 0:00:00]} 42. Re8 {[%emt 0:00:03]} c4 {[%emt 0:00:04]} 43. Rxe6 {
[%emt 0:00:00]} c3 {[%emt 0:00:04]} 44. Re1 {[%emt 0:00:04]} Rd5 {[%emt 0:00:
02]} 45. Rc1 {[%emt 0:00:05]} Rd2+ {[%emt 0:00:00]} 46. Kg3 {[%emt 0:00:00]} c2
{[%emt 0:00:02]} 47. Re4 {[%emt 0:00:03]} Rd1 {[%emt 0:00:00]} 0-1

[Event "RUS-ch Blitz 2021"]
[Site "Sochi"]
[Date "2021.10.11"]
[Round "1.23"]
[White "Bocharov, Dmitry"]
[Black "Khmelev, Mikhail"]
[Result "1-0"]
[WhiteElo "2517"]
[BlackElo "1908"]
[Annotator "ChessBase"]
[PlyCount "74"]
[EventDate "2021.10.11"]
[EventType "blitz"]
[EventCountry "RUS"]
[SourceTitle "playchess.com"]
[Source "ChessBase"]
[SourceQuality "1"]
[TimeControl "180+2"]

1. d4 {[%emt 0:00:07]} Nf6 {[%emt 0:00:00]} 2. c4 {[%emt 0:00:00]} e6 {[%emt 0:
00:00]} 3. Nf3 {[%emt 0:00:05]} Bb4+ {[%emt 0:00:02]} 4. Bd2 {[%emt 0:00:00]}
Qe7 {[%emt 0:00:00]} 5. g3 {[%emt 0:00:00]} O-O {[%emt 0:00:10]} 6. Bg2 {
[%emt 0:00:00]} Bxd2+ {[%emt 0:00:00]} 7. Qxd2 {[%emt 0:00:06]} d6 {[%emt 0:00:
04]} 8. O-O {[%emt 0:00:08]} e5 {[%emt 0:00:00]} 9. Nc3 {[%emt 0:00:00]} Bg4 {
[%emt 0:00:08]} 10. h3 {[%emt 0:00:11]} Bh5 {[%emt 0:00:13]} 11. Nh4 {[%emt 0:
00:04]} c6 {[%emt 0:00:04]} 12. d5 {[%emt 0:00:46]} c5 {[%emt 0:00:13]} 13. f4
{[%emt 0:00:02]} exf4 {[%emt 0:00:10]} 14. Nf5 {[%emt 0:00:01]} Qe5 {[%emt 0:
00:14]} 15. Qxf4 {[%emt 0:00:00]} Qxf4 {[%emt 0:00:13]} 16. gxf4 {[%emt 0:00:
00]} Rd8 {[%emt 0:00:27]} 17. e4 {[%emt 0:00:06]} a6 {[%emt 0:00:10]} 18. e5 {
[%emt 0:00:04]} Ne8 {[%emt 0:00:00]} 19. Rae1 {[%emt 0:00:04]} Nd7 {[%emt 0:00:
09]} 20. Ng3 {[%emt 0:00:31]} g6 {[%emt 0:00:23]} 21. Nxh5 {[%emt 0:00:01]}
gxh5 {[%emt 0:00:01]} 22. Kh2 {[%emt 0:00:04]} b5 {[%emt 0:00:06]} 23. Bf3 {
[%emt 0:00:15]} Ng7 {[%emt 0:00:25]} 24. Ne4 {[%emt 0:00:08]} dxe5 {[%emt 0:00:
06]} 25. fxe5 {[%emt 0:00:00]} bxc4 {[%emt 0:00:01]} 26. Rg1 {[%emt 0:00:07]}
Kh8 {[%emt 0:00:00]} 27. Ng5 {[%emt 0:00:11]} Rf8 {[%emt 0:00:09]} 28. d6 {
[%emt 0:00:03]} Rab8 {[%emt 0:00:03]} 29. Bd5 {[%emt 0:00:04]} Ne6 {[%emt 0:00:
00]} 30. Nxe6 {[%emt 0:00:13]} Rxb2+ {[%emt 0:00:02]} 31. Rg2 {[%emt 0:00:00]}
Rxg2+ {[%emt 0:00:00]} 32. Kxg2 {[%emt 0:00:04]} fxe6 {[%emt 0:00:05]} 33. Bxe6
{[%emt 0:00:00]} Nb6 {[%emt 0:00:02]} 34. Rb1 {[%emt 0:00:02]} Na4 {[%emt 0:00:
00]} 35. Bxc4 {[%emt 0:00:04]} Nc3 {[%emt 0:00:03]} 36. Rb7 {[%emt 0:00:04]}
Ne4 {[%emt 0:00:01]} 37. d7 {[%emt 0:00:09]} Rg8+ {[%emt 0:00:15]} 1-0

[Event "RUS-ch Blitz 2021"]
[Site "Sochi"]
[Date "2021.10.11"]
[Round "1.24"]
[White "Erastov, Semen"]
[Black "Demidov, Mikhail"]
[Result "0-1"]
[WhiteElo "2039"]
[BlackElo "2551"]
[Annotator "ChessBase"]
[PlyCount "142"]
[EventDate "2021.10.11"]
[EventType "blitz"]
[EventCountry "RUS"]
[SourceTitle "playchess.com"]
[Source "ChessBase"]
[SourceQuality "1"]
[TimeControl "180+2"]

1. d4 {[%emt 0:00:00]} g6 {[%emt 0:00:00]} 2. Nf3 {[%emt 0:00:06]} Bg7 {
[%emt 0:00:02]} 3. c4 {[%emt 0:00:00]} d6 {[%emt 0:00:00]} 4. Nc3 {[%emt 0:00:
05]} Bg4 {[%emt 0:00:00]} 5. g3 {[%emt 0:00:07]} Nc6 {[%emt 0:00:03]} 6. Bg2 {
[%emt 0:00:07]} Nf6 {[%emt 0:00:21]} 7. O-O {[%emt 0:00:03]} O-O {[%emt 0:00:
08]} 8. d5 {[%emt 0:00:24]} Nb8 {[%emt 0:00:19]} 9. e4 {[%emt 0:00:00]} c6 {
[%emt 0:00:12]} 10. h3 {[%emt 0:00:15]} Bxf3 {[%emt 0:00:00]} 11. Bxf3 {
[%emt 0:00:02]} Nfd7 {[%emt 0:00:11]} 12. Be3 {[%emt 0:00:07]} a5 {[%emt 0:00:
00]} 13. Bd4 {[%emt 0:00:22]} Na6 {[%emt 0:00:06]} 14. Bxg7 {[%emt 0:00:16]}
Kxg7 {[%emt 0:00:00]} 15. a3 {[%emt 0:00:16]} Qb6 {[%emt 0:00:20]} 16. Na4 {
[%emt 0:00:14]} Qc7 {[%emt 0:00:00]} 17. Rb1 {[%emt 0:00:17]} Rfc8 {[%emt 0:00:
21]} 18. Be2 {[%emt 0:00:21]} Kg8 {[%emt 0:00:20]} 19. Qd4 {[%emt 0:00:18]}
Nac5 {[%emt 0:00:21]} 20. Nxc5 {[%emt 0:00:01]} Nxc5 {[%emt 0:00:02]} 21. b4 {
[%emt 0:00:03]} axb4 {[%emt 0:00:04]} 22. axb4 {[%emt 0:00:00]} Nd7 {[%emt 0:
00:04]} 23. Rfc1 {[%emt 0:00:06]} c5 {[%emt 0:00:00]} 24. Qb2 {[%emt 0:00:10]}
cxb4 {[%emt 0:00:06]} 25. Bg4 {[%emt 0:00:00]} Ra4 {[%emt 0:00:18]} 26. Qc2 {
[%emt 0:00:07]} b5 {[%emt 0:00:12]} 27. Bxd7 {[%emt 0:00:05]} Qxd7 {[%emt 0:00:
03]} 28. Qb3 {[%emt 0:00:04]} bxc4 {[%emt 0:00:09]} 29. Rxc4 {[%emt 0:00:02]}
Rxc4 {[%emt 0:00:05]} 30. Qxc4 {[%emt 0:00:00]} b3 {[%emt 0:00:08]} 31. Qd3 {
[%emt 0:00:02]} Rb4 {[%emt 0:00:01]} 32. Rxb3 {[%emt 0:00:00]} Rxb3 {[%emt 0:
00:02]} 33. Qxb3 {[%emt 0:00:01]} Qxh3 {[%emt 0:00:00]} 34. Qb7 {[%emt 0:00:05]
} Kf8 {[%emt 0:00:06]} 35. Qb8+ {[%emt 0:00:01]} Kg7 {[%emt 0:00:00]} 36. Qb7 {
[%emt 0:00:00]} e6 {[%emt 0:00:03]} 37. dxe6 {[%emt 0:00:05]} Qxe6 {[%emt 0:00:
00]} 38. Qb2+ {[%emt 0:00:01]} Qe5 {[%emt 0:00:01]} 39. Qc2 {[%emt 0:00:00]} h5
{[%emt 0:00:02]} 40. Kg2 {[%emt 0:00:05]} Qf6 {[%emt 0:00:00]} 41. Qd3 {
[%emt 0:00:01]} Qe6 {[%emt 0:00:00]} 42. Qd4+ {[%emt 0:00:01]} Kg8 {[%emt 0:00:
01]} 43. Qb4 {[%emt 0:00:02]} Qe7 {[%emt 0:00:06]} 44. Qb8+ {[%emt 0:00:00]}
Kh7 {[%emt 0:00:00]} 45. Qb4 {[%emt 0:00:02]} Qe6 {[%emt 0:00:03]} 46. Qd4 {
[%emt 0:00:01]} Qe5 {[%emt 0:00:03]} 47. Qc4 {[%emt 0:00:01]} Kg7 {[%emt 0:00:
02]} 48. Qd3 {[%emt 0:00:04]} Kf8 {[%emt 0:00:02]} 49. Qc4 {[%emt 0:00:00]} Kg8
{[%emt 0:00:02]} 50. Qc8+ {[%emt 0:00:00]} Kg7 {[%emt 0:00:01]} 51. Qc4 {
[%emt 0:00:03]} Qf6 {[%emt 0:00:02]} 52. Qd5 {[%emt 0:00:02]} Qe6 {[%emt 0:00:
03]} 53. Qd4+ {[%emt 0:00:03]} Qe5 {[%emt 0:00:02]} 54. Qc4 {[%emt 0:00:00]}
Qc5 {[%emt 0:00:00]} 55. Qd3 {[%emt 0:00:01]} Kf6 {[%emt 0:00:02]} 56. Qf3+ {
[%emt 0:00:03]} Ke7 {[%emt 0:00:01]} 57. Qd3 {[%emt 0:00:05]} Qg5 {[%emt 0:00:
04]} 58. Qd4 {[%emt 0:00:02]} h4 {[%emt 0:00:04]} 59. Qa7+ {[%emt 0:00:02]} Ke6
{[%emt 0:00:05]} 60. Qa2+ {[%emt 0:00:01]} Kf6 {[%emt 0:00:04]} 61. Qb2+ {
[%emt 0:00:03]} Qe5 {[%emt 0:00:00]} 62. Qe2 {[%emt 0:00:04]} hxg3 {[%emt 0:00:
02]} 63. fxg3 {[%emt 0:00:03]} Kg7 {[%emt 0:00:00]} 64. Qd3 {[%emt 0:00:00]}
Kf6 {[%emt 0:00:02]} 65. Kf3 {[%emt 0:00:03]} Ke7 {[%emt 0:00:02]} 66. Qc4 {
[%emt 0:00:02]} Qc5 {[%emt 0:00:02]} 67. Qa4 {[%emt 0:00:02]} Qc3+ {[%emt 0:00:
01]} 68. Kf4 {[%emt 0:00:04]} Kf6 {[%emt 0:00:02]} 69. Kg4 {[%emt 0:00:03]} Qd3
{[%emt 0:00:03]} 70. Qb4 {[%emt 0:00:03]} Qe2+ {[%emt 0:00:05]} 71. Kf4 {
[%emt 0:00:01]} g5# {[%emt 0:00:02]} 0-1

[Event "RUS-ch Blitz 2021"]
[Site "Sochi"]
[Date "2021.10.11"]
[Round "2.1"]
[White "Shcherbin, Matvei"]
[Black "Artemiev, Vladislav"]
[Result "0-1"]
[WhiteElo "2366"]
[BlackElo "2699"]
[Annotator "TA"]
[PlyCount "115"]
[EventDate "2021.10.11"]
[EventType "blitz"]
[EventCountry "RUS"]
[SourceTitle "playchess.com"]
[Source "ChessBase"]
[SourceQuality "1"]

{[%evp 18,115,9,0,7,-18,-14,-17,-14,-25,-25,-29,-27,-27,-29,-31,-30,-43,-42,
-50,-32,-16,-26,-26,-25,-58,-57,-85,-85,-81,-80,-73,-61,-85,-80,-87,-71,-95,
-63,-71,-71,-75,-76,-75,-77,-76,-78,-85,-85,-97,-97,-97,-70,-60,-33,-45,-34,
-27,-14,-111,-114,-178,-178,-174,-174,-174,-174,-160,-118,-176,-118,-175,-118,
-177,-160,-167,-118,-130,-118,-167,-167,-167,-167,-167,-167,-167,-69,-69,-69,
-85,0,0,0,0,0,0,0,-4,0,-248]} 1. e4 c5 2. c3 d5 3. exd5 Qxd5 4. d4 Nf6 5. Nf3
e6 6. Na3 Nc6 7. Nb5 Qd8 8. dxc5 Bxc5 9. Qxd8+ Kxd8 10. Bf4 Ne4 {B22: Sicilian:
2 c3.} 11. Ng5 (11. Be3 {feels hotter.} Bxe3 12. fxe3 Ke7 13. Bd3 Nf6 14. O-O)
11... Nxg5 12. Bxg5+ f6 13. Be3 (13. Rd1+ {with more complications.} Ke7 14.
Bf4 e5 15. Be3 Bxe3 16. fxe3 Rd8 17. Rxd8 Nxd8 18. Be2) 13... Bxe3 14. fxe3 Ke7
15. Be2 Bd7 {[#]} 16. O-O $146 ({Predecessor:} 16. Nd4 Rac8 17. Nxc6+ Bxc6 18.
Bf3 Rhd8 19. Rd1 e5 20. Rxd8 Kxd8 21. Bxc6 Rxc6 22. Ke2 Ke7 23. Rc1 Ke6 24. Rc2
b5 25. Rd2 Rc7 26. Rd8 Rb7 {1/2-1/2 (26) Ermitsch,M (2179)-Krause,B (2320)
Berlin 2015}) 16... Ne5 17. Nd4 Rac8 18. Rad1 Nc4 (18... Nf7 {seems wilder.}
19. c4 e5 20. Nc2 Rhd8 21. b3 Be6) 19. Bxc4 Rxc4 20. Rd2 Rhc8 21. Rfd1 {
next Nf5+! is good for White.} e5 22. Nb3 Bg4 23. Re1 Bf5 24. Kf2 b6 25. h3 a5
26. Nc1 b5 27. a3 b4 28. axb4 axb4 29. Na2 bxc3 30. Nxc3 Be6 31. Ra1 R8c7 32.
Ra5 Rb4 33. Rb5 Rxb5 34. Nxb5 $17 {[%mdl 4096] Endgame KRB-KRN} Rc1 35. Nc3 Bc4
36. e4 Ke6 37. Ke3 g6 38. Rd1 (38. Rd8 $11) 38... Rc2 $1 39. Rd2 {[#]} (39. Rd8
$17) 39... Rxd2 $1 $19 40. Kxd2 {KB-KN} Bf1 41. g3 Bxh3 42. b4 Bf1 43. Ke3 {[#]
} (43. Ke1 $17 Bd3 44. g4) 43... Bc4 (43... h5 $1 $19 44. Nd5 Bc4) 44. Na4 (44.
g4 $17) 44... Kd6 ({Better is} 44... h5 $19 45. Nc3 Ba6) 45. Nb2 (45. g4 $17 {
might work better.}) 45... Ba6 46. Nd1 Kc6 47. Nc3 Bc4 48. Kf3 h5 49. Ke3 Be6
50. Kf3 g5 51. Ke3 f5 (51... Bc4 $19 52. Kf2 Be6) 52. exf5 $15 Bxf5 53. Kf3 h4
(53... g4+ $17 54. Ke2 Kd7) 54. gxh4 $11 {The position is equal.} gxh4 {
Hoping for ...Kd6.} 55. Kf2 Kd6 {And now ...e4 would win.} 56. Kf3 Bc8 57. Kf2
Ke6 {White must now prevent ...Bb7.} 58. Kf3 $2 {White happily takes the draw.
Weighted Error Value: White=0.15/Black=0.12} (58. Ne4 $11) 0-1

[Event "RUS-ch Blitz 2021"]
[Site "Sochi"]
[Date "2021.10.11"]
[Round "2.2"]
[White "Dreev, Aleksey"]
[Black "Goltsev, Dmitry"]
[Result "1-0"]
[WhiteElo "2635"]
[BlackElo "2282"]
[Annotator "ChessBase"]
[PlyCount "53"]
[EventDate "2021.10.11"]
[EventType "blitz"]
[EventCountry "RUS"]
[SourceTitle "playchess.com"]
[Source "ChessBase"]
[SourceQuality "1"]
[TimeControl "180+2"]

1. d4 {[%emt 0:00:00]} Nf6 {[%emt 0:00:04]} 2. Nf3 {[%emt 0:00:01]} e6 {
[%emt 0:00:00]} 3. c4 {[%emt 0:00:05]} b6 {[%emt 0:00:00]} 4. a3 {[%emt 0:00:
04]} Bb7 {[%emt 0:00:01]} 5. Nc3 {[%emt 0:00:00]} Be7 {[%emt 0:00:14]} 6. d5 {
[%emt 0:00:00]} d6 {[%emt 0:00:22]} 7. e4 {[%emt 0:00:05]} e5 {[%emt 0:00:00]}
8. Bd3 {[%emt 0:00:03]} O-O {[%emt 0:00:08]} 9. O-O {[%emt 0:00:00]} a5 {
[%emt 0:00:00]} 10. Be3 {[%emt 0:00:10]} Na6 {[%emt 0:00:00]} 11. Bc2 {[%emt 0:
00:02]} g6 {[%emt 0:00:38]} 12. Rb1 {[%emt 0:00:11]} Nh5 {[%emt 0:00:12]} 13.
b4 {[%emt 0:00:04]} axb4 {[%emt 0:00:09]} 14. axb4 {[%emt 0:00:04]} Bc8 {
[%emt 0:00:02]} 15. h3 {[%emt 0:00:01]} Ng7 {[%emt 0:00:17]} 16. Bh6 {[%emt 0:
00:17]} f5 {[%emt 0:00:00]} 17. Qd2 {[%emt 0:00:10]} f4 {[%emt 0:00:12]} 18.
Ra1 {[%emt 0:00:00]} Bb7 {[%emt 0:00:25]} 19. Nb5 {[%emt 0:00:11]} g5 {[%emt 0:
00:07]} 20. Bd1 {[%emt 0:00:09]} Kf7 {[%emt 0:00:32]} 21. Nh2 {[%emt 0:00:19]}
Kg6 {[%emt 0:00:02]} 22. Ng4 {[%emt 0:00:02]} Bc8 {[%emt 0:00:02]} 23. Ra3 {
[%emt 0:00:22]} Bxg4 {[%emt 0:00:07]} 24. Bxg7 {[%emt 0:00:00]} Kxg7 {[%emt 0:
00:12]} 25. Bxg4 {[%emt 0:00:00]} Qe8 {[%emt 0:00:03]} 26. Rfa1 {[%emt 0:00:19]
} h5 {[%emt 0:00:00]} 27. Be6 {[%emt 0:00:00]} 1-0

[Event "RUS-ch Blitz 2021"]
[Site "Sochi"]
[Date "2021.10.11"]
[Round "2.3"]
[White "Faizrakhmanov, Ramil"]
[Black "Sarana, Alexey"]
[Result "0-1"]
[WhiteElo "2483"]
[BlackElo "2649"]
[Annotator "ChessBase"]
[PlyCount "96"]
[EventDate "2021.10.11"]
[EventType "blitz"]
[EventCountry "RUS"]
[SourceTitle "playchess.com"]
[Source "ChessBase"]
[SourceQuality "1"]
[TimeControl "180+2"]

1. d4 {[%emt 0:00:00]} Nf6 {[%emt 0:00:00]} 2. c4 {[%emt 0:00:04]} e6 {[%emt 0:
00:03]} 3. Nf3 {[%emt 0:00:00]} d5 {[%emt 0:00:00]} 4. Nc3 {[%emt 0:00:04]}
Nbd7 {[%emt 0:00:00]} 5. Bf4 {[%emt 0:00:00]} dxc4 {[%emt 0:00:06]} 6. e3 {
[%emt 0:00:00]} Bd6 {[%emt 0:00:00]} 7. Bxd6 {[%emt 0:00:06]} cxd6 {[%emt 0:00:
01]} 8. Bxc4 {[%emt 0:00:00]} a6 {[%emt 0:00:05]} 9. a4 {[%emt 0:00:00]} O-O {
[%emt 0:00:01]} 10. O-O {[%emt 0:00:02]} b6 {[%emt 0:00:13]} 11. Qb3 {[%emt 0:
00:14]} Bb7 {[%emt 0:00:00]} 12. Be2 {[%emt 0:00:12]} Qe7 {[%emt 0:00:10]} 13.
Rac1 {[%emt 0:00:08]} Rfb8 {[%emt 0:00:15]} 14. Rc2 {[%emt 0:00:20]} Nf8 {
[%emt 0:00:14]} 15. Rfc1 {[%emt 0:00:07]} Ng6 {[%emt 0:00:22]} 16. h3 {[%emt 0:
00:11]} Qd8 {[%emt 0:00:04]} 17. Nd2 {[%emt 0:00:20]} Nh4 {[%emt 0:00:13]} 18.
g3 {[%emt 0:00:10]} Ng6 {[%emt 0:00:05]} 19. Bf3 {[%emt 0:00:05]} b5 {[%emt 0:
00:24]} 20. axb5 {[%emt 0:00:11]} axb5 {[%emt 0:00:12]} 21. Bxb7 {[%emt 0:00:
14]} Rxb7 {[%emt 0:00:05]} 22. Nde4 {[%emt 0:00:08]} b4 {[%emt 0:00:08]} 23.
Nxf6+ {[%emt 0:00:09]} gxf6 {[%emt 0:00:00]} 24. Ne4 {[%emt 0:00:26]} f5 {
[%emt 0:00:11]} 25. Nd2 {[%emt 0:00:00]} Ne7 {[%emt 0:00:26]} 26. Rc4 {[%emt 0:
00:06]} Qa5 {[%emt 0:00:02]} 27. Qd3 {[%emt 0:00:14]} Qd5 {[%emt 0:00:09]} 28.
e4 {[%emt 0:00:00]} fxe4 {[%emt 0:00:04]} 29. Nxe4 {[%emt 0:00:00]} Kg7 {
[%emt 0:00:03]} 30. Qf3 {[%emt 0:00:05]} Qf5 {[%emt 0:00:00]} 31. Qxf5 {
[%emt 0:00:01]} Nxf5 {[%emt 0:00:09]} 32. Rc7 {[%emt 0:00:00]} Raa7 {[%emt 0:
00:08]} 33. Rxb7 {[%emt 0:00:07]} Rxb7 {[%emt 0:00:00]} 34. Kg2 {[%emt 0:00:03]
} d5 {[%emt 0:00:00]} 35. Nc5 {[%emt 0:00:04]} Ra7 {[%emt 0:00:01]} 36. Nb3 {
[%emt 0:00:03]} Ra2 {[%emt 0:00:01]} 37. Rc2 {[%emt 0:00:03]} h5 {[%emt 0:00:
03]} 38. g4 {[%emt 0:00:00]} hxg4 {[%emt 0:00:00]} 39. hxg4 {[%emt 0:00:00]}
Nd6 {[%emt 0:00:00]} 40. Nd2 {[%emt 0:00:03]} Nb5 {[%emt 0:00:11]} 41. Nf3 {
[%emt 0:00:00]} b3 {[%emt 0:00:00]} 42. Rc5 {[%emt 0:00:04]} Nd6 {[%emt 0:00:
00]} 43. Ne5 {[%emt 0:00:15]} Rxb2 {[%emt 0:00:00]} 44. Rc7 {[%emt 0:00:00]}
Rc2 {[%emt 0:00:07]} 45. Rxc2 {[%emt 0:00:10]} bxc2 {[%emt 0:00:00]} 46. Nd3 {
[%emt 0:00:00]} Nb5 {[%emt 0:00:03]} 47. Kf3 {[%emt 0:00:03]} Nxd4+ {[%emt 0:
00:00]} 48. Ke3 {[%emt 0:00:01]} Nb3 {[%emt 0:00:00]} 0-1

[Event "RUS-ch Blitz 2021"]
[Site "Sochi"]
[Date "2021.10.11"]
[Round "2.4"]
[White "Lysyj, Igor"]
[Black "Bryakin, Mikhail"]
[Result "1/2-1/2"]
[WhiteElo "2603"]
[BlackElo "2498"]
[Annotator "ChessBase"]
[PlyCount "79"]
[EventDate "2021.10.11"]
[EventType "blitz"]
[EventCountry "RUS"]
[SourceTitle "playchess.com"]
[Source "ChessBase"]
[SourceQuality "1"]
[TimeControl "180+2"]

1. d4 {[%emt 0:00:00]} d5 {[%emt 0:00:03]} 2. c4 {[%emt 0:00:01]} c6 {[%emt 0:
00:00]} 3. Nf3 {[%emt 0:00:00]} Nf6 {[%emt 0:00:10]} 4. Qb3 {[%emt 0:00:04]}
dxc4 {[%emt 0:00:00]} 5. Qxc4 {[%emt 0:00:00]} Bf5 {[%emt 0:00:00]} 6. g3 {
[%emt 0:00:00]} e6 {[%emt 0:00:00]} 7. Bg2 {[%emt 0:00:09]} Nbd7 {[%emt 0:00:
00]} 8. O-O {[%emt 0:00:00]} Be7 {[%emt 0:00:00]} 9. Qb3 {[%emt 0:00:01]} Qb6 {
[%emt 0:00:05]} 10. Nbd2 {[%emt 0:00:00]} Qxb3 {[%emt 0:00:14]} 11. axb3 {
[%emt 0:00:00]} Ne4 {[%emt 0:00:09]} 12. Nc4 {[%emt 0:00:05]} a6 {[%emt 0:00:
19]} 13. Nfe5 {[%emt 0:00:42]} Nxe5 {[%emt 0:00:23]} 14. Nxe5 {[%emt 0:00:00]}
f6 {[%emt 0:00:30]} 15. Nc4 {[%emt 0:00:00]} Nd6 {[%emt 0:00:04]} 16. Na5 {
[%emt 0:00:36]} O-O-O {[%emt 0:00:01]} 17. Be3 {[%emt 0:00:16]} Be4 {[%emt 0:
00:19]} 18. Bh3 {[%emt 0:00:17]} Bf5 {[%emt 0:00:00]} 19. Bg2 {[%emt 0:00:02]}
Be4 {[%emt 0:00:00]} 20. f3 {[%emt 0:00:02]} Bg6 {[%emt 0:00:19]} 21. Bf2 {
[%emt 0:00:12]} Nb5 {[%emt 0:00:00]} 22. e3 {[%emt 0:00:09]} Bd6 {[%emt 0:00:
18]} 23. Rfc1 {[%emt 0:00:00]} Bc7 {[%emt 0:00:02]} 24. Nc4 {[%emt 0:00:16]}
Kb8 {[%emt 0:00:00]} 25. f4 {[%emt 0:00:07]} Rhe8 {[%emt 0:00:02]} 26. Be1 {
[%emt 0:00:11]} e5 {[%emt 0:00:11]} 27. dxe5 {[%emt 0:00:12]} fxe5 {[%emt 0:00:
00]} 28. Ba5 {[%emt 0:00:07]} Bxa5 {[%emt 0:00:08]} 29. Rxa5 {[%emt 0:00:00]}
exf4 {[%emt 0:00:00]} 30. gxf4 {[%emt 0:00:00]} Be4 {[%emt 0:00:19]} 31. Bxe4 {
[%emt 0:00:08]} Rxe4 {[%emt 0:00:00]} 32. Kf2 {[%emt 0:00:00]} Rd5 {[%emt 0:00:
00]} 33. Raa1 {[%emt 0:00:08]} g5 {[%emt 0:00:12]} 34. Kf3 {[%emt 0:00:02]} Re6
{[%emt 0:00:03]} 35. Rd1 {[%emt 0:00:00]} gxf4 {[%emt 0:00:00]} 36. Kxf4 {
[%emt 0:00:12]} Rf6+ {[%emt 0:00:03]} 37. Kg4 {[%emt 0:00:00]} Rg6+ {[%emt 0:
00:04]} 38. Kf4 {[%emt 0:00:02]} Rf6+ {[%emt 0:00:00]} 39. Kg4 {[%emt 0:00:00]}
Rg6+ {[%emt 0:00:02]} 40. Kf4 {[%emt 0:00:02]} 1/2-1/2

[Event "RUS-ch Blitz 2021"]
[Site "Sochi"]
[Date "2021.10.11"]
[Round "2.5"]
[White "Radzhabov, Rodion"]
[Black "Sjugirov, Sanan"]
[Result "0-1"]
[WhiteElo "2361"]
[BlackElo "2663"]
[Annotator "ChessBase"]
[PlyCount "82"]
[EventDate "2021.10.11"]
[EventType "blitz"]
[EventCountry "RUS"]
[SourceTitle "playchess.com"]
[Source "ChessBase"]
[SourceQuality "1"]
[TimeControl "180+2"]

1. Nf3 {[%emt 0:00:00]} Nf6 {[%emt 0:00:00]} 2. g3 {[%emt 0:00:00]} b5 {
[%emt 0:00:12]} 3. Bg2 {[%emt 0:00:03]} Bb7 {[%emt 0:00:00]} 4. O-O {[%emt 0:
00:10]} e6 {[%emt 0:00:00]} 5. d3 {[%emt 0:00:03]} c5 {[%emt 0:00:05]} 6. e4 {
[%emt 0:00:00]} d6 {[%emt 0:00:01]} 7. b3 {[%emt 0:00:09]} Nc6 {[%emt 0:00:08]}
8. Bb2 {[%emt 0:00:00]} Be7 {[%emt 0:00:17]} 9. Nbd2 {[%emt 0:00:02]} Qc7 {
[%emt 0:00:03]} 10. Qe2 {[%emt 0:00:11]} O-O {[%emt 0:00:18]} 11. Rfe1 {
[%emt 0:00:00]} Nd7 {[%emt 0:00:26]} 12. c4 {[%emt 0:00:20]} a6 {[%emt 0:00:05]
} 13. d4 {[%emt 0:00:08]} cxd4 {[%emt 0:00:01]} 14. Nxd4 {[%emt 0:00:06]} Nxd4
{[%emt 0:00:13]} 15. Bxd4 {[%emt 0:00:00]} Bc6 {[%emt 0:00:26]} 16. Rac1 {
[%emt 0:00:28]} Qb7 {[%emt 0:00:00]} 17. Qe3 {[%emt 0:00:05]} Rfc8 {[%emt 0:00:
16]} 18. h4 {[%emt 0:00:00]} h6 {[%emt 0:00:23]} 19. Red1 {[%emt 0:00:34]} Rc7
{[%emt 0:00:03]} 20. Kh2 {[%emt 0:00:34]} Rac8 {[%emt 0:00:00]} 21. f3 {
[%emt 0:00:04]} Qa8 {[%emt 0:00:05]} 22. Bf1 {[%emt 0:00:09]} Bf8 {[%emt 0:00:
08]} 23. Be2 {[%emt 0:00:08]} Qb7 {[%emt 0:00:00]} 24. Bf1 {[%emt 0:00:08]} a5
{[%emt 0:00:00]} 25. cxb5 {[%emt 0:00:22]} Bxb5 {[%emt 0:00:01]} 26. Rxc7 {
[%emt 0:00:04]} Rxc7 {[%emt 0:00:01]} 27. Nc4 {[%emt 0:00:03]} a4 {[%emt 0:00:
01]} 28. Ba1 {[%emt 0:00:02]} axb3 {[%emt 0:00:12]} 29. axb3 {[%emt 0:00:00]}
Qa6 {[%emt 0:00:05]} 30. Bb2 {[%emt 0:00:07]} Rc8 {[%emt 0:00:10]} 31. Kg2 {
[%emt 0:00:00]} Qc6 {[%emt 0:00:09]} 32. Rc1 {[%emt 0:00:00]} Qa6 {[%emt 0:00:
05]} 33. Rd1 {[%emt 0:00:05]} Rb8 {[%emt 0:00:11]} 34. Qd4 {[%emt 0:00:00]} Qc6
{[%emt 0:00:03]} 35. Rc1 {[%emt 0:00:00]} e5 {[%emt 0:00:00]} 36. Qd2 {[%emt 0:
00:00]} Nc5 {[%emt 0:00:04]} 37. Qc3 {[%emt 0:00:03]} Qa6 {[%emt 0:00:00]} 38.
Ne3 {[%emt 0:00:00]} Bxf1+ {[%emt 0:00:00]} 39. Nxf1 {[%emt 0:00:00]} Rxb3 {
[%emt 0:00:05]} 40. Qc2 {[%emt 0:00:10]} Qa2 {[%emt 0:00:00]} 41. Rb1 {[%emt 0:
00:00]} Na4 {[%emt 0:00:00]} 0-1